County Kerry Quiz - Statistics

General Stats
  • This quiz has been taken 11 times
  • The average score is 17 of 20
Answer Stats
Hint Answer % Correct
Island group which was made famous by Irish language autobiographies such as that of Peig Sayers; the islands have been uninhabited since the 1950s Blasket Islands
100%
Tourist destination known for its sea life and ice-cream Dingle
100%
Butter brand that is the best selling in the world Kerrygold
100%
Tourist Mecca on the shores of Lough Leane Killarney
100%
Province that Kerry is in Munster
100%
Bordering counties Cork
89%
Kerry is popularly known as the ... Kingdom
89%
Bordering counties Limerick
89%
World famous annual beauty pageant first organised in 1959 Rose of Tralee
89%
Twin pinnacled island, a UNESCO World Heritage Site, where a number of scenes in the Star Wars films were shot Skellig Michael
89%
County town of Kerry Tralee
89%
Tallest mountain in Ireland Carrauntoohil
78%
Famous dolphin that lived in the sea surrounding the above, he disappeared in 2020 Fungie
78%
Major house and gardens near the above, once owned by Arthur Guinness Muckross
78%
Island where the SS Great Eastern set off to lay the transatlantic telegraph cables in 1854 Valentia Island
78%
Strand where Sir Roger Casement landed with guns from Germany a few days before the Easter Rising Banna Strand
67%
Famous publican and playwright from the above (Many Young Men of Twenty, the Field, Sive) John B Keane
67%
The annual Puck Fair is held here Killorglin
67%
Daniel O'Connell was born near this town, it has a church named after him Cahersiveen
56%
This town has an annual Writers' Week Listowel
56%
No matching quizzes found
Score Distribution
Percent of People with Each Score
Percentile by Number Answered
Your Score History
You have not taken this quiz